| 000 | 01225cam a2200337 i 4500 | ||
|---|---|---|---|
| 999 |
_c200444545 _d62757 |
||
| 003 | TR-AnTOB | ||
| 005 | 20211022115113.0 | ||
| 007 | ta | ||
| 008 | 211022m20112007tu 001 0 tur d | ||
| 020 | _a9786051060736 | ||
| 040 |
_aSULEY _beng _erda _cSULEY _dTR-AnTOB |
||
| 041 | 1 |
_atur _heng |
|
| 050 | 0 | 0 |
_aQC174.12 _b.C4619 2015 |
| 090 |
_aQC174.12 _b.C4619 2015 |
||
| 100 | 1 |
_aChown, Marcus _eauthor _9133390 |
|
| 240 | 1 | 0 |
_aQuantum theory cannot hurt you : a guide to the universe. _lTürkçe. |
| 245 | 1 | 0 |
_aBiraz Kuantum'dan zarar gelmez : _bevren hakkında kışkırtıcı bir kılavuz / _cMarcus Chown; çeviri Taylan Taftaf. |
| 250 | _a6. basım : Ağustos 2015 | ||
| 264 | 1 |
_aCağaloğlu, İstanbul : _bAlfa, _c2015. |
|
| 300 |
_a237 pages ; _c20 cm |
||
| 336 |
_atext _btxt _2rdacontent |
||
| 337 |
_aunmediated _bn _2rdamedia |
||
| 338 |
_avolume _bnc _2rdacarrier |
||
| 490 | 0 |
_aAlfa ; _v1975 _aPopüler bilim ; _v9 |
|
| 500 | _aEserin özgün adı : Quantum theory cannot hurt you : a guide to the universe. | ||
| 650 | 7 |
_aKuantum teorisi _2etuturkob _945949 |
|
| 650 | 7 |
_aİzafiyet (Fizik) _2etuturkob _932045 |
|
| 700 | 1 |
_aTaftaf, Taylan _etranslator _9125960 |
|
| 942 |
_2lcc _cBK |
||